00733 a2200385 4500000002100000001000700021005001700028008004100045010000500086020000500091082002000096100001900116110000500135245005100140250000500191260004200196300001000238490000700248500000500255600000500260610000500265611000500270630000500275650000500280651000500285654000500290700000900295710000900304711000500313720000500318730000500323740000500328752000500333856000900338BKB 13597520200902152940.0  a a a342.54085bK14H1 aKapoor, Sudhir a1 aHuman rights in 21st centurycby Sudhir Kapoor a aJaipurbMangaldeep Publicationsc2003 a272p. av a a a a a a a a abc abc a a a a a adf